000 00792nam a22001817a 4500
005 20240125150346.0
010 _aHIN-126670
020 _a9789393758712
_c1375.00
035 _aHN-99016
037 _bDBAD/PUB
082 _a305.51220954
_21
100 _aकश्यप, ओमप्रकाश
_961340
245 _aपेरियार ई.वी. रामासामी;भारत के वोल्टेयर/
_cओमप्रकाश कश्यप
260 _aनॉएडा
_bसेतु प्रकाशन प्रा.लि.
_c2022
270 _aसी-21, सेक्टर-65 नॉएडा
_bनॉएडा-201301
300 _a606पृष्ट.
_c24सेमी (सजिल्द)
942 _2ddc
_cHN
_h305.51220954
_mकश्य
999 _c200301
_d200301